| 000 | 00537nam a22001817a 4500 | ||
|---|---|---|---|
| 005 | 20250328124031.0 | ||
| 008 | 250328b |||||||| |||| 00| 0 eng d | ||
| 020 | _a9781787152885 | ||
| 041 | _aeng | ||
| 082 | _a341.7 GHI | ||
| 100 | _aGhiuta, Ovidiu A | ||
| 245 | _aInternational Economic Law: Role of AI | ||
| 260 |
_aUK _bKruger Brentt _c2025 |
||
| 300 | _a366;. pages: 25 cm | ||
| 650 | _aInternational Economic Relations; Foreign Trade Regulation; Law And Economic Development | ||
| 700 | _aFrunzete, Madalin | ||
| 942 | _cBK | ||
| 999 |
_c43463 _d43463 |
||